| 000 | 00553nam a2200169Ia 4500 | ||
|---|---|---|---|
| 008 | 090201s9999 xx 000 0 und d | ||
| 010 | _aKPL-50500 | ||
| 040 | _bमराठी | ||
| 041 | _aमराठी | ||
| 082 |
_a20492 _b50500 |
||
| 100 | _a फिल ब्रिक | ||
| 245 |
_aआयलेड ट्रीपल लाईफ _c फिल ब्रिक |
||
| 260 |
_c2004 _bपुष्प प्रकाशन लि. |
||
| 300 |
_a160 _bमोठा |
||
| 600 | _aआयलेड ट्रीपल लाईफ | ||
| 942 | _cBOOK | ||
| 999 |
_c220255 _d220255 |
||